00810nam a22002057a 4500999001900000005001700019010001300036020002600049035001400075037001300089082001600102100002800118245013200146260004400278270007600322300002300398700002700421942003100448952012500479 c165531d16553120190621112917.0 aB-125693 a9789386223029c995.00 aEN-109225 bDBAD/PUB a577.6309485 aRao, Madireddi V. Subba akolleru Lake a boon to Andhra Pradesh, India ( Limnological studies)/cby Madireddi V. Subba Rao [and] Somarouth Prabhakara Rao aDelhibB.R Publishing Corporationc2017 a425, Nimri Colony, Ashok Vihar, Phase-IV,bDelhie110052mbrpc@vsnl.com axx,180p.c22cm(Hb) aMadireddi V. Subba Rao 2ddccENh577.63095485mRAO 001040708NFICaLbLd2019-06-21eDBAD/PUBg995.00l0o577.63095485 RAOpEN-109225r2019-06-21 00:00:00t1v995.00yEN